Learning Resource and Development

Fundamentals of menu planning (Record no. 3794)

MARC details
000 -LEADER
fixed length control field 00789nam a22002657a 4500
005 - DATE AND TIME OF LATEST TRANSACTION
control field 20230512221902.0
008 - FIXED-LENGTH DATA ELEMENTS--GENERAL INFORMATION
fixed length control field 180430t xxu||||| |||| 00| 0 eng d
020 ## - INTERNATIONAL STANDARD BOOK NUMBER
International Standard Book Number 9780470072677
040 ## - CATALOGING SOURCE
Transcribing agency CSPC
082 0# - DEWEY DECIMAL CLASSIFICATION NUMBER
Classification number 642.5
Item number M459f
100 ## - MAIN ENTRY--PERSONAL NAME
Personal name McVety, Paul J.,
Relator term author.
245 00 - TITLE STATEMENT
Title Fundamentals of menu planning
Statement of responsibility, etc. Paul J. McVety
250 ## - EDITION STATEMENT
Edition statement 3rd
Remainder of edition statement edition
260 ## - PUBLICATION, DISTRIBUTION, ETC.
Place of publication, distribution, etc. New Jersey :
Name of publisher, distributor, etc. John Wiley & Sons,
Date of publication, distribution, etc. 2009.
300 ## - PHYSICAL DESCRIPTION
Extent v, 258 pages :
Other physical details figures ;
Dimensions 28 cm.
500 ## - GENERAL NOTE
General note Includes Index.
650 10 - SUBJECT ADDED ENTRY--TOPICAL TERM
Topical term or geographic name entry element Menus.
650 10 - SUBJECT ADDED ENTRY--TOPICAL TERM
Topical term or geographic name entry element Food service.
700 1# - ADDED ENTRY--PERSONAL NAME
Personal name Ware, Bradley J.,
Relator term author.
700 1# - ADDED ENTRY--PERSONAL NAME
Personal name Ware, Claudette Lv̌esque
Relator term author.
940 ## - EQUIVALENCE OR CROSS-REFERENCE--UNIFORM TITLE [OBSOLETE] [CAN/MARC only]
Uniform title <a href="123">123</a>
942 ## - ADDED ENTRY ELEMENTS (KOHA)
Koha item type
-- CIR 642.5 M459f 2009
Holdings
Withdrawn status Lost status Damaged status Not for loan Home library Current library Shelving location Date acquired Total Checkouts Full call number Barcode Date last seen Copy number Price effective from Koha item type
        Main Library Main Library Circulation Section 05/12/2023   CIR 642.5 M459f 2009 012939 05/12/2023 1-2 05/12/2023 Books
        Main Library Main Library Circulation Section 05/12/2023   CIR 642.5 M459f 2009 012940 05/12/2023 2-2 05/12/2023 Books